000 nam a22 7a 4500
999 _c9787
_d9787
008 180208b ||||| |||| 00| 0 eng d
100 _aBajpari, S
_95883
245 _aPriyadarshni Indira Gandhi
260 _aNew Delhi
_bFarsight Publication
_c2010